000
00308nam a22001337a 4500
008
170527b xxu||||| |||| 00| 0 eng d
020
_a
0134814258
041
_a
eng
080
_2
6TH
_a
621.3
100
_a
26
101
_a
IM
245
_a
INTRODUCTION TO ELECTRIC CIRCUITS
_c
JACKSON, H.W
942
_2
udc
_c
BK
999
_c
14663
_d
14663